00713nam a2200181 a 450000100100000000500170001000800410002704000250006808200150009310000280010824500560013626000520019230000200024404900090026495201220027395201190039599900170051400002908220200930055323.0110413s1992 dr 000 0 spa d aDO-SdBNPbspacBNPHU axxxbG887h1 aGrullón, Ruddy91102810aHaití : cronología básica /cRuddy Grullón. aSanto Domingo :bImprenta Unión y Paz,c1992. a34 p. ;c22 cm. aBNPD 001054708PDaPDbPDcCTd2011-04-13iLF1l0oxxx G887hp29082-10r2020-06-25w2020-06-25yLFPDZPréstamo en sala 0010718PDaPDbPDcCTd2011-04-27iLF1l0oxxx G887hp29082-20r2020-06-25te. 2w2020-06-25yLFPDZNo se presta c28574d28574